| 000 | 01264nam a2200229Ia 4500 | ||
|---|---|---|---|
| 003 | Ost | ||
| 005 | 20260507075128.0 | ||
| 008 | 260507s9999||||xx |||||||||||||| ||und|| | ||
| 020 | _a7076345977 | ||
| 040 | _cfsecg | ||
| 041 | _aara | ||
| 082 | _a330 | ||
| 100 |
_aتشسورث، نيكي _eمؤلف |
||
| 245 | 0 |
_aكيفية التغلب على الركود الإقتصادي / _c نيكي تشسورث |
|
| 260 |
_aالقاهرة: _bدار الفاروق للنشر والتوزيع, _c2001 |
||
| 300 |
_a112 صفحة؛ _bإيضاحات ؛ _c24 سم |
||
| 520 | _aالثبات وقت الأزمات- أثر الركود الإقتصادي على تجارتك- ماهي حالتك المالية؟- العلامات التحذيرية- السيولة النقدية هي كل شيئ- تخلص من المصروفات الإضافية- اقتنص الصفقات المربحة- كن حذرا في جميع تحركاتك- الأرباح والمبيعات- اما البنك وإما الإفلاس- حماية أموالك الشخصية- إذ لم يفلح كل ما سبق. | ||
| 653 | _aالأزمة الإقتصادية | ||
| 653 | _aالركود الإقتصادي | ||
| 700 |
_aالعامري، خالد _eمؤلف ثانوي |
||
| 942 | _cكتاب | ||
| 999 |
_c43183 _d43183 |
||